[Event "Finistere-chT 0304"]
[Site "Finistere"]
[Date "2003.10.18"]
[Round "1.2"]
[White "Verdier, Remy"]
[Black "Hochart, Jean Luc"]
[Result "0-1"]
[WhiteElo "1499"]
[BlackElo "1920"]
[PlyCount "40"]
[EventDate "2003.10.??"]
[EventType "team-swiss"]
[EventRounds "6"]
[EventCountry "FRA"]
[SourceTitle "EXT 2005"]
[Source "ChessBase"]
[SourceDate "2004.11.15"]
[SourceVersion "1"]
[SourceVersionDate "2004.11.15"]
[SourceQuality "1"]

1. e4 c6 2. f4 d5 3. Nc3 d4 4. Na4 e5 5. b3 exf4 6. Nf3 Bg4 7. h3 Bh5 8. Bb2 b5 9. Nc3 dxc3 10. Bxc3 Nf6 11. d3 Bc5 12. Qd2 Be3 13. Qd1 Nbd7 14. Be2 Qb6 15. d4 Nxe4 16. Rf1 Nxc3 17. Qd3 Qa5 18. a3 Bg6 19. Qxg6 hxg6 20. b4 Qb6 0-1